West Europe with a bad map - Statistics

General Stats
  • This quiz has been taken 42 times
  • The average score is 24 of 24
Answers on the Map
Answers color-coded by a green-red scale on the quiz's map according to % correct below.
 
Answer Stats
Answer % Correct
France
100%
Germany
100%
Iceland
100%
Ireland
100%
Italy
100%
Liechtenstein
100%
Luxembourg
100%
Monaco
100%
Norway
100%
San Marino
100%
Sweden
100%
United Kingdom
100%
Vatican City
100%
Austria
97%
Denmark
97%
Finland
97%
Greece
97%
Portugal
97%
Switzerland
97%
Andorra
95%
Belgium
95%
Netherlands
95%
Spain
95%
Malta
92%
No matching quizzes found
Score Distribution
Percent of People with Each Score
Percentile by Number Answered
Your Score History
You have not taken this quiz